000
00287nam a2200133Ia 4500
008
221030s9999 xx 000 0 und d
041
_a
English
082
_a
105.23
100
_a
Nadia Manzoor/386
245
0
_a
VISUAL BASIC
260
_a
Jammu
_c
1999
650
_a
Computers
942
_c
TH
999
_c
744
_d
744